000
00316nam a22001337a 4500
008
241207b |||||||| |||| 00| 0 eng d
022
_a
071486026747
041
_a
Eng
245
_a
The Economist
260
_a
London
_b
The Economist Group
_c
2024
300
_a
86;.P.
856
_u
www.economist.com
942
_c
SR
_s
1
999
_c
43167
_d
43167